000 00320nam a22001217a 4500
008 180421b xxu||||| |||| 00| 0 eng d
041 _aeng
080 _a043.3
100 _a0
101 _aSHKI-BA
245 _aImplementimi i CMS sistemit me Teknologjine PHP per menaxhimin e postimeve
_cKlinaku, K
942 _2udc
_cBK
999 _c45384
_d45384